Kluby Campeonato Brasileiro Série A (2025) - Statystyki

Ogólne statystyki
  • Ten quiz został rozwiązany 7 razy
  • Średni wynik to 14 z 20
Statystyki odpowiedzi
Nr Nazwa klubu % Poprawnych
3. Botafogo
100%
7. Flamengo
100%
8. Fluminense
100%
14. Palmeiras
100%
1. Atlético Mineiro
83%
6. Cruzeiro
83%
10. Grêmio
83%
16. Santos
83%
17. São Paulo
83%
2. Bahia
67%
9. Fortaleza
67%
12. Juventude
67%
15. Red Bull Bragantino
67%
19. Vasco da Gama
67%
4. Ceará
50%
5. Corinthians
50%
11. Internacional
50%
13. Mirassol
50%
18. Sport
33%
20. Vitória
33%
Nie znaleziono quizów pasujących do podanych kryteriów
Rozkład punktacji
Procent ludzi z każdym wynikiem
Percentyl według liczby udzielonych odpowiedzi
Twoja historia wyników
Nie rozwiązałeś tego quizu